Tilastot visalle Sanat: "Peppi Pitkätossun jäähyväislaulu"

Klikkaa tästä pelataksesi tätä visaa!

Yleistilastot

  • Tätä visaa on pelattu 24 kertaa
  • Keskiarvotulos 45 / 92

Vastaustilastot

Vastaus% Oikein
On
100%
lähtöön
88%
laiva
88%
valmiina
88%
se
81%
ei
75%
illan
75%
kaukomaille
75%
käy
75%
näy
75%
tullen
75%
ja
69%
ja
69%
ja
69%
ja
69%
ja
69%
missä
69%
pohjantähteä
69%
jäämme
63%
köydet
63%
nousee
63%
purjeet
63%
purren
63%
63%
63%
63%
sua
63%
sua
63%
et
56%
irrotetaan
56%
kaipailemaan
56%
kun
56%
me
56%
me
56%
Me
56%
Me
56%
nyt
56%
nyt
56%
nyt
56%
taivaalla
56%
voi
56%
ystävä
56%
armas
50%
sulle
50%
sulle
50%
surren
50%
taas
50%
taas
50%
vain
50%
vain
50%
aina
44%
että
44%
että
44%
että
44%
koska
44%
lähdet
44%
milloinkaan
44%
muuta
44%
tiedämme
44%
toivomme
44%
toivomme
44%
laulu
38%
laulu
38%
luoksemme
38%
muistellaan
38%
niin
38%
onnesta
38%
onnesta
38%
pian
38%
pian
38%
soi
38%
soi
38%
tulla
38%
uudestaan
38%
vois
38%
ellet
31%
sydämissämme
31%
kuitenkin
25%
meille
25%
ihmettä
19%
jotka
19%
kanssasi
19%
katsella
19%
maailmaa
19%
meitä
19%
monta
19%
näytit
19%
riemuita
19%
saa
19%
saimme
19%
tänne
19%
lohduttaa
13%

Tulosjakauma

Persentiili vastausten määrän mukaan

Jokaisen tuloksen saaneiden osuus

Tuloshistoriasi

Et ole pelannut tätä visaa